| 000 | 01108cab a2200301 4500 | ||
|---|---|---|---|
| 001 | ABS55972 | ||
| 008 | 090401t1996 xxu||||| |||| 00| 0 eng d | ||
| 035 | _a(Sirsi) u20199 | ||
| 041 | _aeng | ||
| 100 | _aMacrory, R. | ||
| 245 | _aDesignation of wildlife habitats under EC law | ||
| 260 | _c1996 | ||
| 350 | _a0 | ||
| 490 |
_aENDS Report _v(260) September 1996, 43-44(2) |
||
| 520 | _aLooks at the status of special protection areas (SPAs) under the 1985 EC Directive on wild birds in light of the decision in "R v SoS Environment ex parte RSPB". The European Court of Justice held that economic considerations cannot affect the designation of SPAs. | ||
| 650 | _aBIRD SANCTUARIES | ||
| 650 | _aCONSERVATION (NATURAL HABITATS ETC) REGULATIONS | ||
| 650 | _aEUROPEAN COURT OF JUSTICE DECISIONS | ||
| 650 | _aHABITATS DIRECTIVE | ||
| 650 | _aLAPPEL BANK | ||
| 650 | _aR V SOS ENVIRONMENT EX P RSPB | ||
| 650 | _aSPECIAL PROTECTION AREAS | ||
| 650 | _aWILDLIFE HABITATS | ||
| 690 | _aCONSERVATION | ||
| 690 | _aENVIRONMENTAL AND LAND CONSULTANCY | ||
| 942 | _n0 | ||
| 948 | _c04/03/1997 | ||
| 999 |
_c13537 _d13537 |
||